Riconosci il calciatore dalla foto - Quiz n°4 - Statistics

Statistiche generali
  • Questo quiz è stato fatto 324 volte
  • Il punteggio medio è 7 su 10
Statistiche sulle risposte
con Immagini Risposta % Corretto
Giacomo Raspadori
97%
John Stones
83%
Ruben Loftus-Cheek
81%
Boulaye Dia
76%
Ashley Cole
75%
Granit Xhaka
68%
Juan Musso
66%
Dušan Tadić
52%
Fernandinho
52%
Roger Ibañez
50%
Nessun quiz corrispondente trovato
Distribuzione punteggi
Percentuale di utenti per punteggio
Percentile per numero di risposta
I tuoi punteggi nel tempo
Non hai fatto questo quiz